000 00632nam a2200181Ia 4500
008 100920s9999 xx 000 0 und d
082 _b10188
_a28 व 51 थ 51
100 _aभिडे रा.गो.
245 _aविट्ठलभाई पटेल.
260 _bचित्रशाळा प्रकाशन,पुणे2.
_c1951
300 _a64
_bसाधी
365 _b0.75
520 _aबा. वि चरित्र.
630 _aविट्ठलभाई पटेल.
650 _aबा. वि चरित्र.
730 _aविट्ठलभाई पटेल.
942 _cBOOK
999 _c676747
_d676744